Most Populous Massachusetts Municipalities in 2020 - Statistics

General Stats
  • This quiz has been taken 10 times
  • The average score is 17 of 20
Answer Stats
Population County Status Municipality % Correct
676,216 Suffolk City Boston
100%
105,562 Plymouth City Brockton
100%
117,779 Middlesex City Cambridge
100%
93,938 Bristol City Fall River
100%
115,441 Middlesex City Lowell
100%
101,238 Essex City Lynn
100%
155,913 Hampden City Springfield
100%
206,601 _________ City Worcester
100%
89,152 Essex City Lawrence
88%
66,353 Middlesex City Malden
88%
101,044 Bristol City New Bedford
88%
101,685 Norfolk City Quincy
88%
72,342 Middlesex City Framingham
75%
88,787 Middlesex City Newton
75%
61,190 Plymouth Town Plymouth
75%
81,054 Middlesex City Somerville
75%
63,215 Norfolk Town Brookline
63%
67,764 Essex City Haverhill
63%
64,994 Middlesex City Waltham
63%
61,878 Suffolk City Revere
50%
No matching quizzes found
Score Distribution
Percent of People with Each Score
Percentile by Number Answered
Your Score History
You have not taken this quiz